000 01114cab a2200289 4500
001 WB3401-51
008 090401t1997 xxu||||| |||| 00| 0 eng d
035 _a(Sirsi) u82734
041 _aeng
245 _aGreenbelts under attack
260 _c1997
350 _a0
490 _aFinancial Times
_v14 December 1997, 5
490 _aDaily Telegraph
_v22 December 1997, 15(3)
520 _aGovernment faces pressure from local authorities to approve development plans for greenfield sites, due to local authorities` need to satisfy housing demands. Lists some of the councils demands on greenbelt land. Andres Duany a guru of New Urbanism, who specialises in building `neighbourhoods`, believes that the green belt is doomed, but that only the wrong sort of development is bad.
650 _aENVIRONMENTAL POLICY
650 _aGOVERNMENT POLICY
650 _aGREEN BELT LAND
650 _aHOUSING DEMAND
650 _aHOUSING DEVELOPMENT
650 _aLOCAL AUTHORITIES
650 _aNEW HOMES
650 _aNEW URBANISM
690 _aHOUSING-DEVELOPMENT
942 _n0
948 _c16/12/1997
999 _c52255
_d52255